[Event "Serpukhov Lushki-B"]
[Site "Serpukhov"]
[Date "2004.11.26"]
[Round "11"]
[White "Rodchenkov, Sergey D"]
[Black "Halyavskiy, Nikita"]
[Result "1-0"]
[WhiteElo "2382"]
[BlackElo "2300"]
[PlyCount "113"]
[EventDate "2004.11.19"]
[EventType "tourn"]
[EventRounds "17"]
[EventCountry "RUS"]
[EventCategory "1"]
[SourceTitle "CBM 103 Extra"]
[Source "ChessBase"]
[SourceDate "2005.01.01"]
[SourceVersion "1"]
[SourceVersionDate "2005.01.01"]
[SourceQuality "1"]

1. e4 c5 2. Nf3 d6 3. Bc4 Nc6 4. d3 e6 5. Bb3 Nf6 6. c3 Be7 7. 0-0 0-0 8. Re1 b6 9. d4 Bb7 10. Bg5 Nxe4 11. Bf4 Ng5 12. Bxg5 Bxg5 13. d5 Na5 14. dxe6 Nxb3 15. axb3 fxe6 16. Rxe6 Bxf3 17. gxf3 d5 18. Nd2 Qd7 19. Re2 Rf7 20. Nf1 Rxf3 21. Re5 Bf6 22. Rxd5 Qg4+ 23. Ng3 Rf8 24. Rd3 Rf4 25. Qxg4 Rxg4 26. Rxa7 b5 27. Rd5 Rf4 28. Rxc5 b4 29. Rac7 Bd8 30. Rc8 g6 31. Rd5 Bb6 32. Rxf8+ Kxf8 33. Rd2 Ke7 34. Kg2 Ke6 35. f3 Bc7 36. Re2+ Kd7 37. Re4 Rf6 38. Rxb4 Ra6 39. Ra4 Rb6 40. Rd4+ Kc6 41. b4 Be5 42. Rc4+ Kd7 43. Ne4 Rb8 44. Rc5 Bf4 45. Ra5 h5 46. Ra7+ Kd8 47. h4 Rb6 48. Kf2 Kc8 49. Rf7 Bc1 50. Rf6 Rxf6 51. Nxf6 Bxb2 52. Ne4 Bc1 53. Ke2 Kb7 54. Kd3 Kc6 55. Nd2 Kb5 56. Kc2 Ba3 57. Nb1 1-0

[Event "Serpukhov Lushki-B"]
[Site "Serpukhov"]
[Date "2004.11.23"]
[Round "7"]
[White "Halyavskiy, Nikita"]
[Black "Papenin, Nikolai"]
[Result "1-0"]
[WhiteElo "2300"]
[BlackElo "2391"]
[PlyCount "81"]
[EventDate "2004.11.19"]
[EventType "tourn"]
[EventRounds "17"]
[EventCountry "RUS"]
[EventCategory "1"]
[SourceTitle "CBM 103 Extra"]
[Source "ChessBase"]
[SourceDate "2005.01.01"]
[SourceVersion "1"]
[SourceVersionDate "2005.01.01"]
[SourceQuality "1"]

1. e4 c5 2. Nf3 d6 3. d4 cxd4 4. Nxd4 Nf6 5. Nc3 Nc6 6. Be2 e5 7. Nf3 h6 8. 0-0 Be7 9. Re1 0-0 10. h3 Be6 11. Bf1 Qa5 12. Bd2 Rac8 13. Nd5 Qd8 14. Nxf6+ Bxf6 15. c4 Qd7 16. Be3 Bd8 17. a3 Ba5 18. b4 Bb6 19. Qd2 Bxe3 20. Rxe3 Rfd8 21. Rc1 a5 22. b5 Ne7 23. Qxa5 Qc7 24. Qb4 b6 25. a4 Ra8 26. Ra3 Qb7 27. Nd2 f5 28. exf5 Nxf5 29. a5 bxa5 30. Rxa5 Rxa5 31. Qxa5 Rf8 32. c5 dxc5 33. Rxc5 Qf7 34. Qc3 Nh4 35. Qg3 Ng6 36. b6 Rd8 37. Rc7 Qe8 38. Bb5 Qxb5 39. Qxg6 Bd7 40. Qd6 e4 41. b7 1-0

[Event "Serpukhov Lushki-B"]
[Site "Serpukhov"]
[Date "2004.11.22"]
[Round "6"]
[White "Dornbusch, Tatiana"]
[Black "Halyavskiy, Nikita"]
[Result "1-0"]
[WhiteElo "2316"]
[BlackElo "2300"]
[PlyCount "91"]
[EventDate "2004.11.19"]
[EventType "tourn"]
[EventRounds "17"]
[EventCountry "RUS"]
[EventCategory "1"]
[SourceTitle "CBM 103 Extra"]
[Source "ChessBase"]
[SourceDate "2005.01.01"]
[SourceVersion "1"]
[SourceVersionDate "2005.01.01"]
[SourceQuality "1"]

1. d4 Nf6 2. Nf3 c5 3. d5 d6 4. Nc3 g6 5. e4 Bg7 6. Bb5+ Nbd7 7. a4 0-0 8. 0-0 a6 9. Be2 b6 10. Bg5 Rb8 11. Qd2 Ne8 12. Rab1 Nc7 13. Ne1 b5 14. axb5 axb5 15. b4 cxb4 16. Rxb4 Nc5 17. f3 Bd7 18. Nd3 Re8 19. Rbb1 Na4 20. Na2 Na6 21. Be3 Qc7 22. Nab4 Nxb4 23. Nxb4 Rb7 24. Rb3 Nc3 25. Re1 Nxe2+ 26. Qxe2 Ra8 27. Qd3 Qc4 28. Reb1 f5 29. Ra3 Rc8 30. h3 Bf6 31. Rab3 Ra8 32. Ra3 Rxa3 33. Qxa3 Rc7 34. Qd3 fxe4 35. fxe4 Bc3 36. Na6 Rc8 37. Bg5 Qa2 38. Rf1 Qxa6 39. Bxe7 Bg7 40. Qf3 Be8 41. Bf8 Qa7+ 42. Kh1 Qd4 43. Qg4 Rc7 44. Bxd6 Ra7 45. Qe6+ Bf7 46. Qc8+ 1-0

[Event "Serpukhov Lushki-B"]
[Site "Serpukhov"]
[Date "2004.11.20"]
[Round "3"]
[White "Halyavskiy, Nikita"]
[Black "Duisenova, Madina"]
[Result "1-0"]
[WhiteElo "2300"]
[BlackElo "2186"]
[PlyCount "65"]
[EventDate "2004.11.19"]
[EventType "tourn"]
[EventRounds "17"]
[EventCountry "RUS"]
[EventCategory "1"]
[SourceTitle "CBM 103 Extra"]
[Source "ChessBase"]
[SourceDate "2005.01.01"]
[SourceVersion "1"]
[SourceVersionDate "2005.01.01"]
[SourceQuality "1"]

1. e4 c5 2. Nf3 d6 3. d4 cxd4 4. Nxd4 Nf6 5. Nc3 a6 6. Be2 e5 7. Nf3 h6 8. 0-0 Be7 9. Re1 0-0 10. h3 Be6 11. Bf1 Nbd7 12. a4 Rc8 13. a5 Qc7 14. Be3 Qc6 15. Nd2 d5 16. exd5 Nxd5 17. Nxd5 Bxd5 18. c4 Be6 19. Qa4 Qc7 20. b4 f5 21. Rac1 f4 22. Bd4 Qd6 23. Bc3 Bf5 24. Ne4 Qg6 25. Kh2 Rcd8 26. Rcd1 Bh4 27. Rd6 Qh5 28. c5 Be7 29. Qd1 Qf7 30. Rd2 Kh8 31. Nd6 Bxd6 32. Rxd6 Qe7 33. Qf3 1-0

[Event "Chigorin Memorial 12th"]
[Site "St Petersburg"]
[Date "2004.10.24"]
[Round "9"]
[White "Afonin, Sergey"]
[Black "Halyavskiy, Nikita"]
[Result "0-1"]
[WhiteElo "2195"]
[BlackElo "2300"]
[PlyCount "88"]
[EventDate "2004.10.16"]
[EventType "swiss"]
[EventRounds "9"]
[EventCountry "RUS"]
[SourceTitle "EXT 2005"]
[Source "ChessBase"]
[SourceDate "2004.11.15"]
[SourceVersion "1"]
[SourceVersionDate "2004.11.15"]
[SourceQuality "1"]

1. d4 Nf6 2. c4 c5 3. d5 b5 4. cxb5 a6 5. bxa6 Bxa6 6. Nc3 d6 7. e4 Bxf1 8. Kxf1 g6 9. Nf3 Bg7 10. g3 0-0 11. Kg2 Nbd7 12. Re1 Ra6 13. Re2 Qa8 14. Bg5 e6 15. Rc1 exd5 16. Bxf6 dxe4 17. Nxe4 Nxf6 18. Nxf6+ Bxf6 19. b3 Qc6 20. Qd3 Rfa8 21. Rd1 Kg7 22. Rdd2 Bg5 23. Qc3+ Kg8 24. Rc2 Bh6 25. Qc4 Ra5 26. h3 Qb7 27. Qd3 Rd8 28. Kh2 Qa8 29. Nh4 d5 30. Ng2 Bg7 31. Nf4 h5 32. h4 c4 33. bxc4 Ra3 34. Qd1 dxc4 35. Qh1 Qc8 36. Qe4 c3 37. Nd5 Qc5 38. Nf4 Ra6 39. Kg2 Rad6 40. Qf3 Qc4 41. Re3 Rd2 42. Rcxc3 Bxc3 43. Rxc3 Qxa2 44. Rc7 Rxf2+ 0-1

[Event "Chigorin Memorial 12th"]
[Site "St Petersburg"]
[Date "2004.10.21"]
[Round "6"]
[White "Halyavskiy, Nikita"]
[Black "Turova, Irina"]
[Result "0-1"]
[WhiteElo "2300"]
[BlackElo "2401"]
[PlyCount "88"]
[EventDate "2004.10.16"]
[EventType "swiss"]
[EventRounds "9"]
[EventCountry "RUS"]
[SourceTitle "EXT 2005"]
[Source "ChessBase"]
[SourceDate "2004.11.15"]
[SourceVersion "1"]
[SourceVersionDate "2004.11.15"]
[SourceQuality "1"]

1. e4 e5 2. Nf3 Nc6 3. d4 exd4 4. Nxd4 Nf6 5. Nxc6 bxc6 6. e5 Qe7 7. Qe2 Nd5 8. c4 Nb6 9. Nc3 Bb7 10. b3 a5 11. Qe4 0-0-0 12. Be2 Re8 13. Bf4 g5 14. Bd2 Bg7 15. 0-0 Bxe5 16. Bd3 Bxh2+ 17. Kh1 Be5 18. Qf5 f6 19. Rae1 Rhg8 20. Be2 Qf7 21. Ne4 Kb8 22. Qh3 Qg7 23. Bh5 g4 24. Qd3 Re7 25. Ng3 Bxg3 26. Qxg3 Re5 27. Qh4 c5 28. Kg1 d6 29. Bxa5 Nd7 30. Bd2 Rxe1 31. Rxe1 Ne5 32. Qg3 Qd7 33. f4 Nc6 34. Qe3 Nd4 35. Be8 Qf5 36. Bc3 Nf3+ 37. Kf2 g3+ 38. Kf1 Nxe1 39. Bxe1 h5 40. Bf7 Qc2 41. Bd2 Rf8 42. Be8 h4 43. Bd7 f5 44. Qc3 Qe4 0-1

[Event "Chigorin Memorial 12th"]
[Site "St Petersburg"]
[Date "2004.10.20"]
[Round "5"]
[White "Ovetchkin, Roman"]
[Black "Halyavskiy, Nikita"]
[Result "1-0"]
[WhiteElo "2473"]
[BlackElo "2300"]
[PlyCount "115"]
[EventDate "2004.10.16"]
[EventType "swiss"]
[EventRounds "9"]
[EventCountry "RUS"]
[SourceTitle "EXT 2005"]
[Source "ChessBase"]
[SourceDate "2004.11.15"]
[SourceVersion "1"]
[SourceVersionDate "2004.11.15"]
[SourceQuality "1"]

1. e4 c5 2. Nf3 d6 3. Bb5+ Bd7 4. Bxd7+ Qxd7 5. 0-0 Nc6 6. Qe2 g6 7. c3 Bg7 8. Rd1 Nf6 9. d4 cxd4 10. cxd4 0-0 11. Nc3 Rfc8 12. h3 Qe8 13. e5 dxe5 14. dxe5 Nd7 15. e6 Nde5 16. Nxe5 Nxe5 17. Bf4 Nc4 18. Rd7 Kh8 19. Nd5 Nb6 20. Nxb6 axb6 21. Rad1 fxe6 22. Qxe6 Rc6 23. Qxe7 Qxe7 24. Rxe7 Bxb2 25. Rxb7 Bf6 26. Rdd7 h5 27. g3 Kg8 28. Be3 b5 29. Rxb5 Rca6 30. g4 hxg4 31. hxg4 Rxa2 32. g5 Ba1 33. Rbb7 R2a6 34. Bb6 Ra4 35. Kf1 Rg4 36. Be3 Rga4 37. Rd6 R4a6 38. Bb6 Kf8 39. Rxg6 Bd4 40. Kg2 Bxb6 41. Rbxb6 Rxb6 42. Rxb6 Ra5 43. f4 Ra3 44. Rb7 Rc3 45. g6 Kg8 46. g7 Ra3 47. f5 Ra6 48. Kf3 Rg6 49. Ke4 Ra6 50. Rd7 Rb6 51. Ke5 Rb5+ 52. Ke6 Rb6+ 53. Rd6 Rb1 54. Rd8+ Kxg7 55. f6+ Kh7 56. f7 Re1+ 57. Kd6 Rd1+ 58. Kc7 1-0

[Event "Chigorin Memorial 12th"]
[Site "St Petersburg"]
[Date "2004.10.19"]
[Round "4"]
[White "Halyavskiy, Nikita"]
[Black "Maslak, Konstantin"]
[Result "1/2-1/2"]
[WhiteElo "2300"]
[BlackElo "2473"]
[PlyCount "193"]
[EventDate "2004.10.16"]
[EventType "swiss"]
[EventRounds "9"]
[EventCountry "RUS"]
[SourceTitle "EXT 2005"]
[Source "ChessBase"]
[SourceDate "2004.11.15"]
[SourceVersion "1"]
[SourceVersionDate "2004.11.15"]
[SourceQuality "1"]

1. e4 d6 2. Nf3 Nf6 3. Nc3 c6 4. d4 Bg4 5. Be2 e6 6. 0-0 d5 7. h3 Bh5 8. exd5 Bxf3 9. Bxf3 cxd5 10. Ne2 Nc6 11. b3 Be7 12. c4 0-0 13. Be3 Rc8 14. Nf4 dxc4 15. bxc4 Na5 16. c5 Qd7 17. Rb1 Rfd8 18. Qe2 Rc7 19. Rfd1 Qc8 20. Qb5 Nc6 21. d5 exd5 22. Nxd5 Nxd5 23. Bxd5 Rcd7 24. Bf3 Ne5 25. Be2 a6 26. Qb3 Rxd1+ 27. Rxd1 Rxd1+ 28. Qxd1 Qc6 29. Qd4 Bf6 30. Qb4 Qd7 31. Qc4 Qc6 32. Qf4 h6 33. Qf5 Qd5 34. Bf1 Be7 35. a4 Bxc5 36. Qc8+ Bf8 37. Qe8 Nc6 38. Be2 Qe5 39. Qc8 Qb8 40. Qd7 Ne5 41. Qd5 Ng6 42. Bc4 Qc7 43. Bb6 Qe7 44. Bd4 Nf4 45. Qf3 Ne6 46. Bb6 Qb4 47. Bxe6 fxe6 48. a5 Qe1+ 49. Kh2 Qe5+ 50. g3 Qd5 51. Qc3 Qc6 52. Qd4 Be7 53. Qe3 Bg5 54. Qe5 Bf6 55. Qe3 Kf7 56. Qe2 Qd7 57. Qe3 Qd5 58. Qf4 Qd7 59. Qe3 Ke8 60. Qf4 Qc8 61. Qd6 Kf7 62. Qf4 Kg8 63. Qd6 Qc6 64. Qd3 Qd5 65. Qe3 h5 66. h4 Be7 67. Qc3 Bd6 68. Qc8+ Kh7 69. Qc2+ Qf5 70. Qc8 Qe4 71. Qd8 Qd5 72. Qc8 Bb4 73. Qc2+ Qf5 74. Qc7 Qe4 75. Qf7 Qd5 76. Qc7 Kg8 77. Qc8+ Bf8 78. Qc3 Qd7 79. Qf3 Qf7 80. Qe4 Bd6 81. Qd4 Bc7 82. Qe3 Bxb6 83. Qxb6 Kh7 84. Kg1 Qf5 85. Qd8 Kg6 86. Qc7 Qd5 87. Qc2+ Kf6 88. Qc3+ Kg6 89. Qc2+ Qf5 90. Qc7 Qe4 91. Qd8 Qd5 92. Qc7 Kf6 93. Qc3+ e5 94. Qb4 Ke6 95. Qb6+ Qc6 96. Qb3+ Kf6 97. Qe3 1/2-1/2

[Event "Chigorin Memorial 12th"]
[Site "St Petersburg"]
[Date "2004.10.18"]
[Round "3"]
[White "Sorokina, Anastasia"]
[Black "Halyavskiy, Nikita"]
[Result "0-1"]
[WhiteElo "2188"]
[BlackElo "2300"]
[PlyCount "86"]
[EventDate "2004.10.16"]
[EventType "swiss"]
[EventRounds "9"]
[EventCountry "RUS"]
[SourceTitle "EXT 2005"]
[Source "ChessBase"]
[SourceDate "2004.11.15"]
[SourceVersion "1"]
[SourceVersionDate "2004.11.15"]
[SourceQuality "1"]

1. d4 Nf6 2. c4 c5 3. Nf3 g6 4. Nc3 cxd4 5. Nxd4 Nc6 6. Bg5 Bg7 7. e3 0-0 8. Be2 Qa5 9. Bxf6 Bxf6 10. 0-0 Bg7 11. a3 Nxd4 12. exd4 Rb8 13. b4 Qg5 14. Qd3 e6 15. Ne4 Qh4 16. g3 Qe7 17. c5 f5 18. Nd6 f4 19. Rad1 b6 20. Qe4 Qf6 21. Kg2 Kh8 22. f3 a5 23. Bb5 Qd8 24. Nxc8 Qxc8 25. Rc1 axb4 26. cxb6 Qd8 27. axb4 Rxb6 28. Qd3 Rd6 29. Rc4 Qb6 30. Ba4 Bxd4 31. Rd1 e5 32. gxf4 Rxf4 33. Rc8+ Kg7 34. Qc4 Rdf6 35. Rg8+ Kh6 36. Rd3 Qd6 37. Rh8 Rf7 38. Bb3 Qe7 39. Qc1 Qg5+ 40. Kh1 d5 41. Bxd5 Rc7 42. Qf1 Rc2 43. h3 Qg3 0-1

[Event "Vladimir op"]
[Site "Vladimir"]
[Date "2004.08.23"]
[Round "6"]
[White "Halyavskiy, Nikita"]
[Black "Yemelin, Arseny"]
[Result "1-0"]
[WhiteElo "2322"]
[BlackElo "2244"]
[PlyCount "87"]
[EventDate "2004.08.18"]
[EventType "swiss"]
[EventRounds "9"]
[EventCountry "RUS"]
[SourceTitle "EXT 2005"]
[Source "ChessBase"]
[SourceDate "2004.11.15"]
[SourceVersion "1"]
[SourceVersionDate "2004.11.15"]
[SourceQuality "1"]

1. e4 c5 2. Nf3 d6 3. d4 cxd4 4. Nxd4 Nf6 5. Nc3 Nc6 6. Be2 Nxd4 7. Qxd4 g6 8. 0-0 Bg7 9. Be3 0-0 10. Qd2 Ng4 11. Bd4 Bh6 12. Qd1 e5 13. Bxg4 exd4 14. Nd5 Be6 15. Qxd4 Bxg4 16. Nf6+ Kh8 17. Nxg4+ Bg7 18. Qd5 f5 19. exf5 gxf5 20. Ne3 Rc8 21. c3 f4 22. Nc2 f3 23. g3 Qd7 24. Rfd1 Qh3 25. Ne1 Rc5 26. Qxb7 Rh5 27. Nxf3 Rhf5 28. Rd3 Qh5 29. Nh4 Rxf2 30. Re1 Qc5 31. Kh1 R2f7 32. Qe4 Qf2 33. Qe2 Qc5 34. Rf3 Qd5 35. Kg2 Bf6 36. Qe6 Qb7 37. Qb3 Qc6 38. Nf5 Bg7 39. g4 h5 40. h3 Rb8 41. Qc2 hxg4 42. hxg4 Qc4 43. Rh1+ Kg8 44. Ne7+ 1-0

[Event "Vladimir op"]
[Site "Vladimir"]
[Date "2004.08.20"]
[Round "3"]
[White "Tunik, Gennady"]
[Black "Halyavskiy, Nikita"]
[Result "1-0"]
[WhiteElo "2505"]
[BlackElo "2322"]
[PlyCount "73"]
[EventDate "2004.08.18"]
[EventType "swiss"]
[EventRounds "9"]
[EventCountry "RUS"]
[SourceTitle "EXT 2005"]
[Source "ChessBase"]
[SourceDate "2004.11.15"]
[SourceVersion "1"]
[SourceVersionDate "2004.11.15"]
[SourceQuality "1"]

1. d4 Nf6 2. c4 c5 3. d5 b5 4. cxb5 a6 5. bxa6 Bxa6 6. Nc3 d6 7. g3 g6 8. Bg2 Bg7 9. Nf3 Nbd7 10. Rb1 0-0 11. 0-0 Qa5 12. Bd2 Ng4 13. Qc2 Rfb8 14. Rfc1 Nge5 15. Nxe5 Nxe5 16. b3 Qa3 17. Qd1 Bc8 18. h3 Bf5 19. Ra1 c4 20. Kh2 Qb2 21. b4 Ra3 22. Rcb1 Bxb1 23. Rxb1 Qxc3 24. Bxc3 Rxc3 25. Qa4 Rd8 26. b5 Nd7 27. b6 Nb8 28. b7 Rf8 29. Rb4 Bd4 30. Rxc4 Rxc4 31. Qxc4 Bxf2 32. Qc7 Re8 33. Be4 f6 34. Bd3 Kf7 35. Bb5 Rf8 36. a4 Bc5 37. Qa5 1-0

[Event "Voronezh op 8th"]
[Site "Voronezh"]
[Date "2004.06.18"]
[Round "7"]
[White "Halyavskiy, Nikita"]
[Black "Lysyj, Igor"]
[Result "0-1"]
[WhiteElo "2302"]
[BlackElo "2469"]
[PlyCount "100"]
[EventDate "2004.06.12"]
[EventType "swiss"]
[EventRounds "9"]
[EventCountry "RUS"]
[SourceTitle "EXT 2005"]
[Source "ChessBase"]
[SourceDate "2004.11.15"]
[SourceVersion "1"]
[SourceVersionDate "2004.11.15"]
[SourceQuality "1"]

1. e4 e6 2. d3 d5 3. Nd2 Nf6 4. Ngf3 Nc6 5. c3 a5 6. Be2 dxe4 7. dxe4 e5 8. 0-0 Bc5 9. Qc2 Qe7 10. b3 0-0 11. Bb2 Nh5 12. Rfe1 Nf4 13. Bf1 Bg4 14. a3 Rad8 15. b4 Bb6 16. Rac1 Qf6 17. Be2 Bh3 18. Bf1 Bxg2 19. Bxg2 Qg6 20. Nh4 Qg4 21. Nc4 Qxh4 22. Nxb6 Qg5 23. f3 Rd2 24. Qxd2 Nh3+ 25. Kh1 Qxd2 26. Nc4 Qh6 27. b5 Ne7 28. Nxe5 Nf4 29. Rc2 Qe6 30. c4 f6 31. Ng4 Nd3 32. Rb1 Nxb2 33. Rbxb2 Rd8 34. Nf2 Rd4 35. Bf1 Qd6 36. c5 Qf4 37. Be2 Ng6 38. Ra2 Qe3 39. Kg2 Nh4+ 40. Kg3 Qg5+ 41. Ng4 Ng6 42. Kf2 Qf4 43. Rc4 Rxc4 44. Bxc4+ Kf8 45. Be2 h5 46. Ne3 Qxh2+ 47. Ke1 Nf4 48. c6 bxc6 49. bxc6 Qg3+ 50. Kd1 Qg1+ 0-1

[Event "Voronezh op 8th"]
[Site "Voronezh"]
[Date "2004.06.12"]
[Round "1"]
[White "Halyavskiy, Nikita"]
[Black "Sambuev, Bator"]
[Result "0-1"]
[WhiteElo "2302"]
[BlackElo "2490"]
[PlyCount "76"]
[EventDate "2004.06.12"]
[EventType "swiss"]
[EventRounds "9"]
[EventCountry "RUS"]
[SourceTitle "EXT 2005"]
[Source "ChessBase"]
[SourceDate "2004.11.15"]
[SourceVersion "1"]
[SourceVersionDate "2004.11.15"]
[SourceQuality "1"]

1. e4 e6 2. d3 c5 3. Nf3 Nc6 4. g3 g6 5. d4 cxd4 6. Nxd4 d5 7. Bb5 dxe4 8. Nc3 a6 9. Ba4 Nge7 10. Bg5 f5 11. Bf6 Rg8 12. Bxe7 Kxe7 13. Bxc6 Bg7 14. Nce2 Qb6 15. Ba4 Rd8 16. c3 e5 17. Qb3 Qd6 18. 0-0-0 exd4 19. Nxd4 Qc5 20. Ne2 Be6 21. Qxb7+ Kf8 22. Nf4 Bxa2 23. Bb3 Bxb3 24. Qxb3 Bh6 25. Qb7 Kg8 26. Kb1 Bxf4 27. gxf4 a5 28. Rd7 Rxd7 29. Qxd7 Ra7 30. Qe8+ Kg7 31. Rd1 Qxf2 32. Qe5+ Kh6 33. c4 e3 34. c5 e2 35. Rc1 Rd7 36. Qc3 Rd1 37. Qh3+ Kg7 38. Qc3+ Qd4 0-1

[Event "RUS-Cup 300 years"]
[Site "St Petersburg"]
[Date "2003.10.26"]
[Round "9"]
[White "Halyavskiy, Nikita"]
[Black "Karasev, Vladimir I"]
[Result "0-1"]
[WhiteElo "2312"]
[BlackElo "2418"]
[PlyCount "82"]
[EventDate "2003.10.18"]
[EventType "swiss"]
[EventRounds "9"]
[EventCountry "RUS"]
[SourceTitle "EXT 2004"]
[Source "ChessBase"]
[SourceDate "2003.11.25"]
[SourceVersion "1"]
[SourceVersionDate "2003.11.25"]
[SourceQuality "1"]

1. e4 c5 2. Nf3 e6 3. d4 cxd4 4. Nxd4 a6 5. Nc3 b5 6. Bd3 Qb6 7. Nf3 Bb7 8. 0-0 Qc7 9. a4 b4 10. Ne2 Nf6 11. Bf4 d6 12. Ng3 Nbd7 13. Qd2 Rb8 14. Rfe1 Ne5 15. Bxe5 dxe5 16. Qg5 Nd7 17. Nh5 Rg8 18. Rad1 Be7 19. Nxg7+ Kf8 20. Nxe6+ fxe6 21. Qh6+ Rg7 22. Qxe6 Qc6 23. Qf5+ Qf6 24. Qh5 Bc8 25. b3 Rb6 26. Bc4 Qf4 27. Qf5+ Rf6 28. Qxf4 Rxf4 29. Kf1 Rg6 30. Re3 Ke8 31. g3 Rf8 32. Red3 Rgf6 33. Kg2 Nb6 34. R1d2 Nxc4 35. bxc4 Rxf3 36. Rxf3 Bh3+ 37. Kxh3 Rxf3 38. Kg4 Ra3 39. Kf5 Ra2 40. Ke6 b3 41. Rd7 bxc2 0-1

[Event "Kimry-ch"]
[Site "Kimry"]
[Date "2003.??.??"]
[Round "8"]
[White "Halyavskiy, Nikita"]
[Black "Makhnev, Vladimir"]
[Result "0-1"]
[WhiteElo "2300"]
[BlackElo "2265"]
[PlyCount "112"]
[EventDate "2003.??.??"]
[EventType "swiss"]
[EventRounds "9"]
[EventCountry "RUS"]
[SourceTitle "EXT 2007"]
[Source "ChessBase"]
[SourceDate "2006.11.23"]
[SourceVersion "1"]
[SourceVersionDate "2006.11.23"]
[SourceQuality "1"]

1. e4 c5 2. Nf3 e6 3. d4 cxd4 4. Nxd4 a6 5. Nc3 Qc7 6. Be2 b5 7. a3 Bb7 8. Be3 Nc6 9. 0-0 Nf6 10. Kh1 Rd8 11. Bd3 Nxd4 12. Bxd4 Bd6 13. Qf3 Be5 14. Bxe5 Qxe5 15. Rad1 h5 16. Kg1 g5 17. Qg3 Qxg3 18. fxg3 Ng4 19. Rde1 Ne5 20. a4 b4 21. Na2 a5 22. Nc1 Ke7 23. Nb3 Ra8 24. Nd4 g4 25. Bb5 h4 26. Re2 h3 27. gxh3 Rxh3 28. Rff2 Rf8 29. Kf1 Bc6 30. b3 Kd6 31. Re3 Rfh8 32. Rd2 Rxh2 33. Ke1 Kc5 34. Be2 Bb7 35. c3 Rh1+ 36. Bf1 R8h2 37. cxb4+ axb4 38. Rxh2 Rxh2 39. Nb5 Nf3+ 40. Kd1 Nd2 41. Be2 Nxe4 42. a5 Rxe2 43. a6 Rd2+ 44. Ke1 Bxa6 45. Rxe4 Ra2 46. Nc7 f5 47. Re3 Bb7 48. Rd3 Bc6 49. Ne8 d5 50. Ng7 Bd7 51. Nh5 d4 52. Nf6 Bb5 53. Rd1 Re2+ 54. Kf1 Re3+ 55. Kf2 Rf3+ 56. Kg2 Rxb3 0-1

[Event "Kimry-ch"]
[Site "Kimry"]
[Date "2003.??.??"]
[Round "9"]
[White "Pakhteev, Yury"]
[Black "Halyavskiy, Nikita"]
[Result "0-1"]
[WhiteElo "2300"]
[BlackElo "2300"]
[PlyCount "64"]
[EventDate "2003.??.??"]
[EventType "swiss"]
[EventRounds "9"]
[EventCountry "RUS"]
[SourceTitle "EXT 2007"]
[Source "ChessBase"]
[SourceDate "2006.11.23"]
[SourceVersion "1"]
[SourceVersionDate "2006.11.23"]
[SourceQuality "1"]

1. Nf3 g6 2. c4 Bg7 3. Nc3 c5 4. d4 cxd4 5. Nxd4 Nc6 6. Nc2 Nf6 7. e4 d6 8. Be2 a6 9. Be3 0-0 10. 0-0 Be6 11. f3 Qa5 12. Qd2 Rfc8 13. b4 Nxb4 14. Nxb4 Qxb4 15. Rab1 Qa5 16. Rxb7 Nd7 17. Nd5 Qxd2 18. Bxd2 Bxd5 19. cxd5 Rc2 20. Rxd7 Rxd2 21. Bc4 Bd4+ 22. Kh1 Rb8 23. Bb3 a5 24. Rc7 Bc5 25. Rc1 a4 26. Bxa4 Rbb2 27. Bb3 Rxg2 28. R7xc5 Rxh2+ 29. Kg1 Rhg2+ 30. Kf1 dxc5 31. Rxc5 Rgf2+ 32. Ke1 Rh2 0-1

[Event "RUS-Cup"]
[Site "Tula"]
[Date "2001.??.??"]
[Round "2"]
[White "Halyavskiy, Nikita"]
[Black "Arzumanian, Georgy"]
[Result "0-1"]
[WhiteElo "2250"]
[BlackElo "2437"]
[PlyCount "76"]
[EventDate "2001.??.??"]
[EventType "swiss"]
[EventRounds "9"]
[EventCountry "RUS"]
[SourceTitle "EXT 2002"]
[Source "ChessBase"]
[SourceDate "2001.11.25"]
[SourceVersion "1"]
[SourceVersionDate "2001.11.25"]
[SourceQuality "1"]

1. e4 c5 2. Nf3 Nc6 3. d4 cxd4 4. Nxd4 Qb6 5. Nb3 Nf6 6. Nc3 e6 7. Be3 Qc7 8. g3 a6 9. Bg2 Be7 10. 0-0 0-0 11. Qe2 d6 12. Rad1 b5 13. f4 Bb7 14. a3 Rfe8 15. g4 Bf8 16. g5 Nd7 17. Qf2 b4 18. axb4 Nxb4 19. h4 a5 20. Rd2 Ba6 21. Rfd1 Rab8 22. Ra1 Nxc2 23. Rxc2 Rxb3 24. Nb5 Qb7 25. Nd4 Rb6 26. Rxa5 Bd3 27. Rd2 Bxe4 28. Nxe6 Rxe6 29. Bh3 Ra6 30. Rxa6 Qxa6 31. Bxe6 fxe6 32. h5 Qb5 33. Kh2 d5 34. Bd4 Nc5 35. Bc3 Nd3 36. Qe3 Bd6 37. Be5 Nxe5 38. fxe5 Bxe5+ 0-1

[Event "RUS-Cup"]
[Site "Tula"]
[Date "2001.??.??"]
[Round "4"]
[White "Halyavskiy, Nikita"]
[Black "Balashov, Yuri S"]
[Result "0-1"]
[WhiteElo "2250"]
[BlackElo "2580"]
[PlyCount "80"]
[EventDate "2001.??.??"]
[EventType "swiss"]
[EventRounds "9"]
[EventCountry "RUS"]
[SourceTitle "EXT 2002"]
[Source "ChessBase"]
[SourceDate "2001.11.25"]
[SourceVersion "1"]
[SourceVersionDate "2001.11.25"]
[SourceQuality "1"]

1. e4 d6 2. d4 Nf6 3. Nc3 g6 4. g3 Bg7 5. Bg2 0-0 6. Nge2 e5 7. h3 Nc6 8. Be3 b6 9. 0-0 Bb7 10. d5 Ne7 11. g4 h5 12. f3 c6 13. g5 Nh7 14. dxc6 Bxc6 15. f4 f5 16. Nd5 Nxd5 17. exd5 Bb5 18. h4 Re8 19. Rf2 Bxe2 20. Rxe2 Nf8 21. c3 Nd7 22. Qd2 Qc7 23. Rae1 Re7 24. fxe5 Bxe5 25. Kh1 Qc4 26. Bd4 Qxa2 27. Bxe5 Rxe5 28. Rxe5 dxe5 29. d6 e4 30. Qd4 Rc8 31. Bf1 Qe6 32. Ra1 a5 33. Bb5 Kh7 34. b4 f4 35. Bxd7 Qxd7 36. Qf6 f3 37. Kh2 axb4 38. Re1 Re8 39. cxb4 Re6 40. Qf4 Rxd6 0-1

[Event "Moscow-ch"]
[Site "Moscow"]
[Date "2001.??.??"]
[Round "4"]
[White "Halyavskiy, Nikita"]
[Black "Kremenietsky, Anatoly M"]
[Result "1/2-1/2"]
[WhiteElo "2250"]
[BlackElo "2387"]
[PlyCount "94"]
[EventDate "2001.??.??"]
[EventType "swiss"]
[EventRounds "9"]
[EventCountry "RUS"]
[SourceTitle "EXT 2002"]
[Source "ChessBase"]
[SourceDate "2001.11.25"]
[SourceVersion "1"]
[SourceVersionDate "2001.11.25"]
[SourceQuality "1"]

1. e4 d6 2. d4 Nf6 3. Nc3 g6 4. g3 Bg7 5. Bg2 0-0 6. Nge2 e5 7. h3 Nc6 8. Be3 Re8 9. 0-0 Bd7 10. d5 Ne7 11. Qd2 Qc8 12. Kh2 b5 13. a4 b4 14. Na2 a5 15. c3 c6 16. cxb4 cxd5 17. exd5 axb4 18. b3 Rb8 19. Rac1 Qb7 20. Rc4 Nexd5 21. Nxb4 Nxe3 22. fxe3 Qb6 23. Nc3 Be6 24. Ncd5 Nxd5 25. Bxd5 Bxd5 26. Qxd5 Qxe3 27. Qxf7+ Kh8 28. Rf3 Qh6 29. Nc6 Rf8 30. Nxb8 Rxf7 31. Rxf7 Qd2+ 32. Kg1 h5 33. Rc8+ Kh7 34. Rcc7 Qe1+ 35. Kg2 Qe2+ 36. Rf2 Qe4+ 37. Kh2 h4 38. gxh4 Qe3 39. Rcf7 e4 40. Nd7 Kh6 41. Rg2 Qxb3 42. Re7 Qxa4 43. h5 g5 44. h4 Qd4 45. Rxg5 Qf2+ 46. Kh3 Qf1+ 47. Kh2 Qf2+ 1/2-1/2